[Event "LSS RL-2007-0-00082"]
[Site "LSS email"]
[Date "2007.02.14"]
[Round "?"]
[White "Hoback, Benjamin"]
[Black "Mori, Roberto"]
[Result "0-1"]
[WhiteElo "1155"]
[BlackElo "662"]
[PlyCount "30"]
[EventDate "2007.02.04"]
[EventType "tourn (corr)"]
[EventRounds "6"]
[EventCountry "GER"]
[SourceTitle "Corr 2015"]
[Source "ChessBase"]
[SourceDate "2015.07.17"]
[SourceVersion "1"]
[SourceVersionDate "2015.07.17"]
[SourceQuality "1"]

1. e4 e5 2. Nf3 Nc6 3. Bb5 Nge7 4. 0-0 a6 5. Ba4 b5 6. Bb3 g6 7. c3 Bg7 8. d3 Na5 9. Bc2 0-0 10. d4 exd4 11. cxd4 Bb7 12. Re1 Nac6 13. Nc3 b4 14. Ne2 d5 15. e5 a5 0-1

[Event "IECG SL.2007.0.00065 email"]
[Site "IECG email"]
[Date "2007.02.10"]
[Round "?"]
[White "Vorobiyov, Pavel Aleksandrovic"]
[Black "Hoback, Benjamin"]
[Result "1-0"]
[WhiteElo "1303"]
[BlackElo "1380"]
[PlyCount "31"]
[EventDate "2007.02.10"]
[EventType "tourn (corr)"]
[EventRounds "6"]
[SourceTitle "Corr 2008"]
[Source "ChessBase"]
[SourceDate "2008.06.24"]
[SourceVersion "1"]
[SourceVersionDate "2008.06.24"]
[SourceQuality "1"]

1. e4 e5 2. Nf3 Nc6 3. Bb5 a6 4. Ba4 Nf6 5. 0-0 Be7 6. Re1 b5 7. Bb3 Bb7 8. c3 0-0 9. d4 exd4 10. e5 dxc3 11. exf6 cxb2 12. Bxb2 Bxf6 13. Bxf6 Qxf6 14. Nbd2 Nd4 15. Nxd4 Qxd4 16. Nf1 1-0

[Event "IECG RL.2007.0.00082 email"]
[Site "IECG email"]
[Date "2007.02.04"]
[Round "?"]
[White "Ciesla, Daniel"]
[Black "Hoback, Benjamin"]
[Result "0-1"]
[WhiteElo "1240"]
[BlackElo "1380"]
[PlyCount "31"]
[EventDate "2007.02.04"]
[EventType "tourn (corr)"]
[EventRounds "6"]
[SourceTitle "Corr 2008"]
[Source "ChessBase"]
[SourceDate "2008.06.24"]
[SourceVersion "1"]
[SourceVersionDate "2008.06.24"]
[SourceQuality "1"]

1. e4 e5 2. Nf3 Nc6 3. Bb5 a6 4. Ba4 Nf6 5. 0-0 Be7 6. Nc3 b5 7. Bb3 0-0 8. d4 exd4 9. Nxd4 Nxd4 10. Qxd4 c5 11. Qd3 c4 12. Bxc4 bxc4 13. Qxc4 d6 14. Be3 Bb7 15. Rfd1 Qc8 16. Qd3 0-1

[Event "IECG SL.2007.0.00063 email"]
[Site "IECG email"]
[Date "2007.01.28"]
[Round "?"]
[White "Nemeth, Laszlo"]
[Black "Hoback, Benjamin"]
[Result "1-0"]
[WhiteElo "1437"]
[BlackElo "1380"]
[PlyCount "103"]
[EventDate "2007.01.28"]
[EventType "tourn (corr)"]
[EventRounds "6"]
[SourceTitle "Corr 2008"]
[Source "ChessBase"]
[SourceDate "2008.06.24"]
[SourceVersion "1"]
[SourceVersionDate "2008.06.24"]
[SourceQuality "1"]

1. d4 Nf6 2. c4 e6 3. Nc3 Bb4 4. e3 0-0 5. Bd3 b6 6. Nf3 c5 7. Bd2 cxd4 8. exd4 d5 9. cxd5 exd5 10. 0-0 Bg4 11. h3 Bh5 12. Bg5 Bxc3 13. bxc3 h6 14. Bf4 Re8 15. Bb5 Nbd7 16. g4 Nxg4 17. hxg4 Bxg4 18. Qd3 Qf6 19. Be5 Nxe5 20. Nxe5 Bf5 21. Qf3 Re7 22. Qxd5 Rc8 23. c4 Qg5+ 24. Qg2 Qd2 25. Rfd1 Qc2 26. a4 f6 27. Rac1 Qb3 28. Qd5+ Kh7 29. Nc6 Be4 30. Nxe7 Bxd5 31. Nxc8 Bf3 32. Rd2 Qa3 33. Rdc2 Qf8 34. Nxa7 Qf7 35. Kf1 Qxa7 36. Rc3 Qb7 37. d5 Bg4 38. Kg1 h5 39. d6 Bd7 40. Rd1 h4 41. Bxd7 Qxd7 42. Rd4 g5 43. a5 bxa5 44. c5 Qe6 45. Re3 Qa2 46. Red3 Qb1+ 47. Rd1 Qb7 48. d7 h3 49. Rd5 Qb4 50. d8Q Qg4+ 51. Kf1 Qg2+ 52. Ke2 1-0

[Event "LSS OP-2007-0-00230"]
[Site "LSS email"]
[Date "2007.01.27"]
[Round "?"]
[White "Hoback, Benjamin"]
[Black "Fonseca Gonzalez, Jose Luis"]
[Result "0-1"]
[WhiteElo "1155"]
[BlackElo "1881"]
[PlyCount "30"]
[EventDate "2007.01.25"]
[EventType "tourn (corr)"]
[EventRounds "4"]
[EventCountry "GER"]
[SourceTitle "Corr 2015"]
[Source "ChessBase"]
[SourceDate "2015.07.17"]
[SourceVersion "1"]
[SourceVersionDate "2015.07.17"]
[SourceQuality "1"]

1. e4 e5 2. Nf3 Nc6 3. Bb5 a6 4. Ba4 Nf6 5. 0-0 Nxe4 6. d3 b5 7. dxe4 bxa4 8. Qd5 Qf6 9. Bg5 Qd6 10. Nc3 f6 11. Be3 Qxd5 12. Nxd5 Kd8 13. a3 Rb8 14. Rab1 d6 15. Nc3 f5 0-1

[Event "IECG ZL.2007.0.00111 email"]
[Site "IECG email"]
[Date "2007.01.26"]
[Round "?"]
[White "Hoback, Benjamin"]
[Black "Huntley, Theron"]
[Result "0-1"]
[WhiteElo "1380"]
[BlackElo "1574"]
[PlyCount "44"]
[EventDate "2007.01.26"]
[EventType "tourn (corr)"]
[EventRounds "2"]
[SourceTitle "Corr 2008"]
[Source "ChessBase"]
[SourceDate "2008.06.24"]
[SourceVersion "1"]
[SourceVersionDate "2008.06.24"]
[SourceQuality "1"]

1. e4 c5 2. Nf3 e6 3. Nc3 Qc7 4. d4 a6 5. d5 d6 6. a4 Be7 7. Bc4 Nf6 8. dxe6 Bxe6 9. Bxe6 fxe6 10. 0-0 Nc6 11. Ng5 Qd7 12. f4 h6 13. Nf3 0-0-0 14. a5 Qc7 15. Bd2 d5 16. e5 Ne4 17. Re1 Nxd2 18. Nxd2 g5 19. fxg5 hxg5 20. Qg4 Nd4 21. Ra2 Rh4 22. Qd1 Rdh8 0-1

[Event "IECG OP.2007.0.00230 email"]
[Site "IECG email"]
[Date "2007.01.25"]
[Round "?"]
[White "Hoback, Benjamin"]
[Black "Trevis, Robert R"]
[Result "1-0"]
[WhiteElo "1380"]
[BlackElo "1120"]
[PlyCount "53"]
[EventDate "2007.01.25"]
[EventType "tourn (corr)"]
[EventRounds "6"]
[SourceTitle "Corr 2008"]
[Source "ChessBase"]
[SourceDate "2008.06.24"]
[SourceVersion "1"]
[SourceVersionDate "2008.06.24"]
[SourceQuality "1"]

1. e4 e5 2. Nf3 Nc6 3. Bb5 a6 4. Bxc6 dxc6 5. 0-0 Nf6 6. Nxe5 Qd4 7. Nf3 Qxe4 8. Re1 Be6 9. Rxe4 Nxe4 10. Qe2 Nf6 11. Ng5 Kd7 12. Nxe6 fxe6 13. d4 Bd6 14. Nc3 c5 15. dxc5 Bxc5 16. Ne4 Nxe4 17. Qxe4 Raf8 18. Be3 Bxe3 19. Rd1+ Ke7 20. Qxe3 Rf5 21. g4 Rb5 22. c4 Ra5 23. a3 Rf8 24. b4 Ra4 25. Qc5+ Kf7 26. Rd7+ Kg8 27. Qe7 1-0

[Event "IECG OP.2007.0.00230 email"]
[Site "IECG email"]
[Date "2007.01.25"]
[Round "?"]
[White "Selmeczi, Jozsef"]
[Black "Hoback, Benjamin"]
[Result "1-0"]
[WhiteElo "800"]
[BlackElo "1380"]
[PlyCount "45"]
[EventDate "2007.01.25"]
[EventType "tourn (corr)"]
[EventRounds "6"]
[SourceTitle "Corr 2008"]
[Source "ChessBase"]
[SourceDate "2008.06.24"]
[SourceVersion "1"]
[SourceVersionDate "2008.06.24"]
[SourceQuality "1"]

1. d4 Nf6 2. Bf4 d5 3. e3 c5 4. dxc5 Nc6 5. Bb5 g6 6. Ne2 Bg7 7. Nbc3 0-0 8. 0-0 e5 9. Bg5 a6 10. Ba4 Be6 11. Bb3 d4 12. Ne4 h6 13. Bxf6 Bxf6 14. Bxe6 fxe6 15. exd4 exd4 16. Nf4 Qd7 17. Nxg6 Rf7 18. Qg4 Kh7 19. Nf4 Rg8 20. Qxe6 Be5 21. Qxd7 Rxd7 22. Nd3 Rg6 23. f4 1-0

[Event "IECG ZL.2007.0.00104 email"]
[Site "IECG email"]
[Date "2007.01.08"]
[Round "?"]
[White "Hoback, Benjamin"]
[Black "Zimmermann, Jan Erik"]
[Result "1-0"]
[WhiteElo "1399"]
[BlackElo "1008"]
[PlyCount "93"]
[EventDate "2007.01.08"]
[EventType "tourn (corr)"]
[EventRounds "2"]
[SourceTitle "Corr 2008"]
[Source "ChessBase"]
[SourceDate "2008.06.24"]
[SourceVersion "1"]
[SourceVersionDate "2008.06.24"]
[SourceQuality "1"]

1. e4 e5 2. Nf3 Nf6 3. d4 Nxe4 4. Bd3 d5 5. Nxe5 Nd7 6. Nxd7 Bxd7 7. Nd2 Nxd2 8. Bxd2 Bd6 9. Qh5 Qe7+ 10. Be3 0-0-0 11. Qxd5 Bc6 12. Qf5+ Kb8 13. 0-0 h6 14. d5 Bd7 15. Qf3 g5 16. Rfe1 Qf8 17. Bf5 Bxf5 18. Qxf5 f6 19. Bd4 Rg8 20. Qxf6 Qxf6 21. Bxf6 Rdf8 22. Be7 Bxe7 23. Rxe7 Rf5 24. Rae1 b6 25. c4 Rgf8 26. f3 a6 27. Re8+ Kb7 28. Rxf8 Rxf8 29. Re6 Rf4 30. b3 h5 31. Re4 Rf5 32. h4 b5 33. hxg5 Rxg5 34. f4 Rf5 35. g3 Kb6 36. Re5 Rxe5 37. fxe5 Kc5 38. e6 Kd6 39. c5+ Ke7 40. Kg2 c6 41. dxc6 Kxe6 42. b4 Ke7 43. Kh3 Kd8 44. Kh4 Kc7 45. Kxh5 Kxc6 46. g4 a5 47. a3 1-0

[Event "LSS ZL-2006-0-00092"]
[Site "LSS email"]
[Date "2006.12.18"]
[Round "?"]
[White "Hoback, Benjamin"]
[Black "Biro, Zoltan"]
[Result "0-1"]
[WhiteElo "1155"]
[BlackElo "1690"]
[PlyCount "28"]
[EventDate "2006.12.17"]
[EventType "match (corr)"]
[EventRounds "2"]
[EventCountry "GER"]
[SourceTitle "Corr 2015"]
[Source "ChessBase"]
[SourceDate "2015.07.17"]
[SourceVersion "1"]
[SourceVersionDate "2015.07.17"]
[SourceQuality "1"]

1. e4 e5 2. Nf3 Nc6 3. Bb5 a6 4. Bxc6 dxc6 5. 0-0 Bg4 6. h3 Bh5 7. g4 Bg6 8. d3 f6 9. Nc3 Qd7 10. Be3 h5 11. Nh4 Bf7 12. Nf5 hxg4 13. Qxg4 0-0-0 14. h4 g6 0-1

[Event "LSS OP-2006-0-00200"]
[Site "LSS email"]
[Date "2006.12.15"]
[Round "?"]
[White "Hoback, Benjamin"]
[Black "Siger, Csaba"]
[Result "0-1"]
[WhiteElo "1454"]
[BlackElo "1887"]
[PlyCount "38"]
[EventDate "2006.12.13"]
[EventType "tourn (corr)"]
[EventRounds "4"]
[EventCountry "GER"]
[SourceTitle "Corr 2022"]
[Source "ChessBase"]
[SourceDate "2021.10.24"]
[SourceVersion "1"]
[SourceVersionDate "2021.10.24"]
[SourceQuality "1"]

1. e4 e6 2. d4 d5 3. Nc3 dxe4 4. Nxe4 Nf6 5. Nxf6+ gxf6 6. Nf3 b6 7. Bf4 Bb7 8. Qd2 Nc6 9. 0-0-0 Qd5 10. c4 Qa5 11. Qxa5 Nxa5 12. Be2 0-0-0 13. b3 Rg8 14. g3 Ba3+ 15. Kc2 Nc6 16. Rhe1 Nb4+ 17. Kc3 e5 18. Be3 Nxa2+ 19. Kc2 Be4+ 0-1

[Event "IECG CP.2006.P.00021 email"]
[Site "IECG email"]
[Date "2006.10.01"]
[Round "?"]
[White "Alessandrini, Alfredo"]
[Black "Hoback, Benjamin"]
[Result "0-1"]
[WhiteElo "1104"]
[BlackElo "1454"]
[PlyCount "27"]
[EventDate "2006.10.01"]
[EventType "tourn (corr)"]
[EventRounds "6"]
[SourceTitle "Corr 2024"]
[Source "ChessBase"]
[SourceDate "2023.10.19"]
[SourceVersion "1"]
[SourceVersionDate "2023.10.19"]
[SourceQuality "1"]

1. e4 e6 2. d4 d5 3. e5 c5 4. c3 Nc6 5. Nf3 Bd7 6. Be3 Nge7 7. Be2 Nf5 8. Nbd2 cxd4 9. Nxd4 Nxe3 10. fxe3 Nxe5 11. 0-0 Be7 12. Bh5 0-0 13. N2f3 Qc7 14. a3 0-1

[Event "IECG QC.2006.0.00073"]
[Site "IECG email"]
[Date "2006.01.20"]
[Round "?"]
[White "Kasperski, Marcin"]
[Black "Hoback, Benjamin"]
[Result "0-1"]
[WhiteElo "1700"]
[BlackElo "1722"]
[PlyCount "86"]
[EventDate "2006.01.20"]
[EventType "tourn (corr)"]
[EventRounds "2"]
[SourceTitle "Corr 2008"]
[Source "ChessBase"]
[SourceDate "2008.06.24"]
[SourceVersion "1"]
[SourceVersionDate "2008.06.24"]
[SourceQuality "1"]

1. e4 c5 2. Nf3 e6 3. d4 cxd4 4. Nxd4 a6 5. Bd3 Bc5 6. Nb3 Ba7 7. Nc3 Nc6 8. Qg4 Qf6 9. f4 d6 10. Bd2 Nge7 11. 0-0-0 Nb4 12. e5 Nxd3+ 13. cxd3 dxe5 14. Ne4 Qg6 15. Nd6+ Kf8 16. Qf3 Nc6 17. Bc3 exf4 18. Qxf4 Bb8 19. Rhf1 f6 20. g4 Ke7 21. Nxc8+ Rxc8 22. Qf2 Nb4 23. Qf3 Nxa2+ 24. Kc2 Be5 25. Qxb7+ Rc7 26. Qxa8 Nxc3 27. Rd2 Ne4+ 28. Kd1 Nxd2 29. Kxd2 Qg5+ 30. Kd1 Qxg4+ 31. Ke1 Qb4+ 32. Nd2 Rc1+ 33. Ke2 Rxf1 34. Nxf1 Qxb2+ 35. Nd2 Bc3 36. Qa7+ Kf8 37. Qa8+ Kf7 38. Qa7+ Kg6 39. Qg1+ Kh6 40. Qe3+ g5 41. Qxe6 Qxd2+ 42. Kf3 Qxd3+ 43. Kg2 g4 0-1

[Event "IECG CC.2006.0.00129 email"]
[Site "IECG email"]
[Date "2006.01.18"]
[Round "?"]
[White "Dzulynski, Marek"]
[Black "Hoback, Benjamin"]
[Result "1-0"]
[WhiteElo "1624"]
[BlackElo "1722"]
[PlyCount "35"]
[EventDate "2006.01.18"]
[EventType "tourn (corr)"]
[EventRounds "6"]
[SourceTitle "Corr 2008"]
[Source "ChessBase"]
[SourceDate "2008.06.24"]
[SourceVersion "1"]
[SourceVersionDate "2008.06.24"]
[SourceQuality "1"]

1. e4 c5 2. d4 cxd4 3. c3 d5 4. exd5 Qxd5 5. cxd4 Nc6 6. Nf3 Bg4 7. Nc3 Bxf3 8. gxf3 Qxd4 9. Qxd4 Nxd4 10. Nb5 Nxb5 11. Bxb5+ Kd8 12. Bf4 e6 13. 0-0-0+ Ke7 14. Bg5+ f6 15. Rd7+ Ke8 16. Rxb7+ Kd8 17. Rd1+ Kc8 18. Ba6 1-0

[Event "IECG CC.2006.0.00129 email"]
[Site "IECG email"]
[Date "2006.01.18"]
[Round "?"]
[White "Hoback, Benjamin"]
[Black "Kleine, Joachim"]
[Result "0-1"]
[WhiteElo "1722"]
[BlackElo "1737"]
[PlyCount "56"]
[EventDate "2006.01.18"]
[EventType "tourn (corr)"]
[EventRounds "6"]
[SourceTitle "Corr 2008"]
[Source "ChessBase"]
[SourceDate "2008.06.24"]
[SourceVersion "1"]
[SourceVersionDate "2008.06.24"]
[SourceQuality "1"]

1. e4 e6 2. d4 d5 3. exd5 exd5 4. c4 Nf6 5. Nc3 Bb4 6. Bd3 Be6 7. Qa4+ Nc6 8. c5 Bd7 9. Nge2 Ne5 10. Bb5 Nd3+ 11. Kf1 Bxc3 12. Bxd7+ Qxd7 13. Qxd7+ Kxd7 14. Nxc3 Rhe8 15. g3 Re1+ 16. Kg2 Rxh1 17. Kxh1 Nxf2+ 18. Kg2 Nd3 19. Bg5 Ne4 20. Be3 c6 21. Nxe4 dxe4 22. b3 b6 23. Rf1 Ke6 24. cxb6 axb6 25. a4 f5 26. d5+ cxd5 27. Bxb6 g5 28. a5 f4 0-1

[Event "IECG CC.2006.0.00129 email"]
[Site "IECG email"]
[Date "2006.01.18"]
[Round "?"]
[White "Hoback, Benjamin"]
[Black "Secrieru, Ioan"]
[Result "0-1"]
[WhiteElo "1722"]
[BlackElo "1786"]
[PlyCount "44"]
[EventDate "2006.01.18"]
[EventType "tourn (corr)"]
[EventRounds "6"]
[SourceTitle "Corr 2008"]
[Source "ChessBase"]
[SourceDate "2008.06.24"]
[SourceVersion "1"]
[SourceVersionDate "2008.06.24"]
[SourceQuality "1"]

1. e4 c5 2. Nf3 d6 3. d4 cxd4 4. Nxd4 Nf6 5. Nc3 e5 6. Nf5 Nxe4 7. Nxg7+ Bxg7 8. Nxe4 d5 9. Nc3 Be6 10. Bb5+ Nc6 11. 0-0 0-0 12. f4 Qb6+ 13. Kh1 d4 14. Bxc6 dxc3 15. f5 cxb2 16. Bxb2 Qxb2 17. Be4 Rfd8 18. Qh5 Bd5 19. Rab1 Qxa2 20. Bxd5 Rxd5 21. Rxb7 Rd2 22. f6 Rf2 0-1